Team of the season so far, Serie A FIFA 20 - Statystyki

Ogólne statystyki
  • Ten quiz został rozwiązany 97 razy
  • Średni wynik to 10 z 23
Statystyki odpowiedzi
Pozycja Zawodnik % Poprawnych
BR Wojciech Szczęsny
94%
N Cristiano Ronaldo
89%
N Paulo Dybala
78%
N Ciro Immobile
63%
BR Samir Handanovic
58%
LS Lorenzo Insigne
50%
ŚP Luis Alberto
49%
PO Juan Cuadrado
48%
N Lautaro Martinez
46%
LO Theo Hernandez
46%
N Romelu Lukaku
45%
ŚPO Alejandro Gomez
40%
ŚO Stefan de Vrij
35%
N Josip Ilicic
34%
ŚP Sergej Milinkovic Savic
34%
PP Domenico Berardi
33%
ŚO Francesco Acerbi
28%
ŚO Kostas Manolas
25%
ŚPO Radja Nainggolan
23%
ŚO Chris Smalling
21%
ŚPO Lorenzo Pellegrini
19%
ŚN Joao Pedro
10%
LP Robin Gosens
8%
Nie znaleziono quizów pasujących do podanych kryteriów
Rozkład punktacji
Procent ludzi z każdym wynikiem
Percentyl według liczby udzielonych odpowiedzi
Twoja historia wyników
Nie rozwiązałeś tego quizu